The noble scholar, jurist, historian


 His Excellency Dr. Abdul Wahhab bin Ibrahim Abu Sulaiman, may Allah have mercy on him.


 He was born in Umm Al-Qura in the year 1356 AH.

التمهيد في أصول الفقه / (Record no. 13535)

MARC details
000 -LEADER
fixed length control field 01355ctm a22002771aa4500
003 - CONTROL NUMBER IDENTIFIER
control field SA-RiAUC
005 - DATE AND TIME OF LATEST TRANSACTION
control field 20251215122420.0
007 - PHYSICAL DESCRIPTION FIXED FIELD--GENERAL INFORMATION
fixed length control field co ug ---uuauu         
008 - FIXED-LENGTH DATA ELEMENTS--GENERAL INFORMATION
fixed length control field 251212s1981 su fsbm 00000 ara c
040 ## - CATALOGING SOURCE
Original cataloging agency SA-JeALM
Language of cataloging ara
Transcribing agency SA-RiAUC
Description conventions rda
082 04 - DEWEY DECIMAL CLASSIFICATION NUMBER
Classification number 251
Assigning agency SA-RiAUC
090 ## - LOCALLY ASSIGNED LC-TYPE CALL NUMBER (OCLC); LOCAL CALL NUMBER (RLIN)
Classification number (OCLC) (R) ; Classification number, CALL (RLIN) (NR) ر 251
Local cutter number (OCLC) ; Book number/undivided call number, CALL (RLIN) ا ب و ع
100 1# - MAIN ENTRY--PERSONAL NAME
Personal name أبو عمشة، مفيد محمد
245 12 - TITLE STATEMENT
Title التمهيد في أصول الفقه /
Statement of responsibility, etc. تأليف محفوظ بن أحمد بن الحسن ؛ اعداد مفيد محمد أبو عمشة ؛ إشراف عبد الوهاب أبو سليمان.
260 ## - PUBLICATION, DISTRIBUTION, ETC.
Date of publication, distribution, etc. 1981
264 ## - PRODUCTION, PUBLICATION, DISTRIBUTION, MANUFACTURE, AND COPYRIGHT NOTICE
Place of production, publication, distribution, manufacture مكة المكرمة :
Name of producer, publisher, distributor, manufacturer جامعة الملك عبدالعزيز
300 ## - PHYSICAL DESCRIPTION
Extent 2 مجلد ؛
Dimensions 30 سم.
500 ## - GENERAL NOTE
General note إهداء من المؤلف مفيد محمد أبو عمشة بتاريخ 1402/4/8 هـ
500 ## - GENERAL NOTE
General note أطروحة (دكتوراه)-جامعة أم القرى، كلية الشريعة، 1981.
502 ## - DISSERTATION NOTE
Dissertation note أطروحة (دكتوراه)-جامعة أم القرى، كلية الشريعة، 1981.
504 ## - BIBLIOGRAPHY, ETC. NOTE
Bibliography, etc. note يشتمل على إرجاعات ببليوجرافية.
650 #7 - SUBJECT ADDED ENTRY--TOPICAL TERM
Topical term or geographic name entry element أصول الفقه الإسلامي
Form subdivision أقراص مدمجة
Source of heading or term aucsh
700 ## - ADDED ENTRY--PERSONAL NAME
Personal name أبو سليمان, عبد الوهاب.
Relator term إشراف
942 ## - ADDED ENTRY ELEMENTS (KOHA)
Source of classification or shelving scheme Dewey Decimal Classification
Koha item type رسالة علمية
Suppress in OPAC No
949 ## - LOCAL PROCESSING INFORMATION (OCLC)
a SA-JeALM
d 251212
u mohamedma123
n 1
Holdings
Withdrawn status Lost status Source of classification or shelving scheme Materials specified (bound volume or other part) Damaged status Not for loan Collection Home library Current library Date acquired Total checkouts Full call number Barcode Date last seen Price effective from Koha item type
    Dewey Decimal Classification الجزء الاول : القسم الثاني     اهداء DR AbdElwahab Library DR AbdElwahab Library 12/15/2025   ر 251 ا ب و ع 000021705 12/15/2025 12/15/2025 رسالة علمية
    Dewey Decimal Classification الجزء الاول : القسم الاول     اهداء DR AbdElwahab Library DR AbdElwahab Library 12/15/2025   ر 251 ا ب و ع 000021708 12/15/2025 12/15/2025 رسالة علمية